000
00295nam a2200121Ia 4500
008
191201s2002 xx 000 0 und d
100
_a
NILSSON, Nils J
245
0
_a
Principles of Artificial Intelligence
260
_a
N. Delhi
_b
Narosa
_c
2002
300
_a
476
650
_a
MCA
942
_2
ddc
_c
BK
999
_c
6101
_d
6101